Arc Of Governance : (Record no. 1850996)

MARC details
000 -LEADER
fixed length control field 00446 a2200169 4500
005 - DATE AND TIME OF LATEST TRANSACTION
control field 20260506115324.0
008 - FIXED-LENGTH DATA ELEMENTS--GENERAL INFORMATION
fixed length control field 260506b |||||||| |||| 00| 0 eng d
020 ## - INTERNATIONAL STANDARD BOOK NUMBER
International Standard Book Number 9789392209871
040 ## - CATALOGING SOURCE
Transcribing agency SDCL
041 ## - LANGUAGE CODE
Source of code eng
Language code of text/sound track or separate title eng
084 ## - COLON CLASSIFICATION NUMBER
Classification number V2'P R3 LR
100 ## - MAIN ENTRY--PERSONAL NAME
Personal name Devasahayam, M.G.
245 ## - TITLE STATEMENT
Title Arc Of Governance :
Remainder of title The Flavour Of New India
260 ## - PUBLICATION, DISTRIBUTION, ETC.
Place of publication, distribution, etc. Noida :
Name of publisher, distributor, etc. Blueone Ink,
Date of publication, distribution, etc. 2023.
300 ## - PHYSICAL DESCRIPTION
Extent xii, 291p.
942 ## - ADDED ENTRY ELEMENTS (KOHA)
Koha item type General Books
Source of classification or shelving scheme Colon Classification (CC)
100 ## - MAIN ENTRY--PERSONAL NAME
-- 1238616
999 ## -
-- 1850996
-- 1850996
Holdings
Withdrawn status Lost status Source of classification or shelving scheme Damaged status Not for loan Home library Current library Date acquired Source of acquisition Cost, normal purchase price Inventory number Total checkouts Full call number Barcode Date last seen Cost, replacement price Price effective from Koha item type
    Colon Classification (CC)     South Campus Library South Campus Library 2026-05-05 64 639.20 132 & 29/01/2026   V2'P R3 LR SC1692261 2026-05-05 799.00 2026-05-05 General Books
Copyright @ Delhi University Library System